Paní Dallowayová /

Hlavní autor: Woolf, Virginia, 1882-1941
Další autoři: Hilská, Kateřina, 1949-
Jazyk: Čeština
Vydáno: V Praze : Pro edici Světová literatura Lidových novin vydalo nakl. Euromedia Group, 2005
Vydání: Vyd. 3., V tomto překladu a v EMG 2.
Edice: Světová literatura Lidových novin
Témata:
Fyzický popis: 158 s. ; 21 cm
Knihy
Uloženo v:
LEADER 01410nam a2200397 a 4500
001 nkc20051626990
003 CZ PrNK
005 20060317102429.0
007 ta
008 051013s2005 xr g 000 f cze
015 |a cnb001626990 
020 |a 80-86938-26-3  |q (váz.) 
035 |a (OCoLC)85163699 
040 |a OLA001  |b cze  |d ABA001 
041 1 |a cze  |h eng 
072 7 |a 821.111-3  |x Anglická próza, anglicky psaná  |2 Konspekt  |9 25 
080 |a 821.111-31  |2 MRF 
080 |a (0:82-31)  |2 MRF 
100 1 |a Woolf, Virginia,  |d 1882-1941  |7 jn19990009273  |4 aut 
245 1 0 |a Paní Dallowayová /  |c Virginia Woolfová ; [přeložila Kateřina Hilská] 
250 |a Vyd. 3., V tomto překladu a v EMG 2. 
260 |a V Praze :  |b Pro edici Světová literatura Lidových novin vydalo nakl. Euromedia Group,  |c 2005 
300 |a 158 s. ;  |c 21 cm 
490 1 |a Světová literatura Lidových novin ;  |v 33 
500 |a Přeloženo z angličtiny 
655 7 |a anglické romány  |7 fd131814  |2 czenas 
655 9 |a English fiction  |2 eczenas 
700 1 |a Hilská, Kateřina,  |d 1949-  |7 jk01041060  |4 trl 
765 0 |t Mrs Dalloway  |9 Česky 
830 0 |a Světová literatura Lidových novin  |0 s 
910 2 |a BOA001  |b 2-1163.577 
928 9 |a Euromedia Group 
990 |a BK 
995 |a 01 
991 |b 200602 
996 6 |b 2610270777  |c 2-1163.577  |l MZK  |r Sklad / do 1 hodiny  |n 14  |p p.v.  |w 000806922  |u 000010  |a 1  |e BOA001  |j MZK50  |s P